01317cam a2200325 i 4500003000900000005001700009007000300026008004100029020001800070040003000088082001300118100003400131245010800165264005200273264002900325300002600354336002700380337003400407338002800441500006900469500003500538504003000573590002700603700004600630910001400676942001400690952013200704952013800836999001700974DO-SdBNP20240301180540.0ta751003s2017 sp 001 f spa d a9788491053521 aDO-SdBNPbspacBNPHUerda 4bM3922221 aMarx, Karl,d1818-188393043910aLlamando a las puertas de la revolución :bantología /cKarl Marx ; edición Constantino Bértolo 1aMadrid, España :bPenguin Clásicos, c2017. 1c2017 1ra. reimpresión a923 páginasc19 cm. 2rdacontentatextobtxt 2rdamediaasin mediación bn 2rdacarrieravolumenbnc aIncluye datos biografícos del autor y editor en la página 4. aIncluye índice onomástico. aBibliografía p: 893-916 aInventariado, 2023/ YL1 aBértolo, Constantinoeedición 949983 aYlockward 2ddccLBS1 00102ddc56708GRaBNPHUbBNPHUcCTd2019-02-02eLibrería Cuestal0oBNPHU GR M392p2023-6902r2023-10-12w2023-10-12yLBS1 00102ddc56708GRaBNPHUbBNPHUcCTd2019-02-02eLibrería Cuestal0oBNPHU GR M392p2023-6903r2023-10-12te. 2w2023-10-12yLBS1 c55162d55162